LEADER 00831nam0-22002771i-450- 001 990003985720403321 005 20031210134538.0 035 $a000398572 035 $aFED01000398572 035 $a(Aleph)000398572FED01 035 $a000398572 100 $a20030922d--------km-y0itay50------ba 101 0 $aeng 200 1 $aThird international symposium on the aerodynamics and ventilation of vehicles tunnels 210 $aCranfield$cBHRA$d1979 610 0 $atunnel 610 0 $aventilazione 676 $a624'.19 801 0$aIT$bUNINA$gRICA$2UNIMARC 901 $aBK 912 $a990003985720403321 952 $a00 E1385(1/2)$b2663$fDETEC 952 $a00 E1385(2/2)$b2663$fDETEC 959 $aDETEC 996 $aThird international symposium on the aerodynamics and ventilation of vehicles tunnels$9474106 997 $aUNINA LEADER 01415nam--2200397---450- 001 990003625060203316 005 20120216143642.0 010 $a978-88-238-4273-1 035 $a000362506 035 $aUSA01000362506 035 $a(ALEPH)000362506USA01 035 $a000362506 100 $a20120216d2010----km-y0itay50------ba 101 $aita 102 $aIT 105 $ay|||||||001yy 200 1 $a<>ospedale tra presente e futuro$eanalisi, diagnosi e linee di cambiamento per il sistema ospedaliero italiano$fFederico Lega, Maurizio Mauri, Anna Prenestini$gprefazione di Umberto Veronesi e Maurizio Mauri$gcon contributi di Giuliana Bensa ... [et al.] 210 $aMilano$cEgea$d2010 215 $aXVII, 361 p.$d24 cm 225 2 $aStudi&ricerche 300 $aIn copertina: CERBA fondazione, Fondazione Umberto Veronesi per il progresso delle scienze 410 0$aStudi&ricerche 606 0 $aOspedali$xGestione$2BNCF 676 $a362.11068$v22 700 1$aLEGA,$bFederico$0437648 701 1$aMAURI,$bMaurizio$0611592 701 1$aPRENESTINI,$bAnna$0611593 801 0$aIT$bsalbc$gISBD 912 $a990003625060203316 951 $a362.110 LEG 1$b70238 G.$c362.110$d00306847 959 $aBK 969 $aECO 979 $aCHIARA$b90$c20120216$lUSA01$h1435 979 $aCHIARA$b90$c20120216$lUSA01$h1436 996 $aOspedale tra presente e futuro$91136909 997 $aUNISA